[Event "4NCL 2019-20"]
[Site "Daventry"]
[Date "2020.01.12"]
[Round "4"]
[White "Latham, David"]
[Black "Benhamida, Aisha"]
[Result "1-0"]
[WhiteElo "2064"]
[BlackElo "1577"]
[Annotator "NA"]
[PlyCount "93"]
[EventDate "2020.01.11"]
[EventCountry "ENG"]
[SourceTitle "playchess.com"]
[Source "ChessBase"]
[SourceQuality "1"]
[TimeControl "40/6000:3000+30"]

1. d4 {[%emt 0:00:00]} Nf6 {[%emt 0:00:00]} 2. Nf3 {[%emt 0:00:00]} g6 {[%emt 0:00:00]} 3. g3 {[%emt 0:00:00]} Bg7 {[%emt 0:00:00]} 4. Bg2 {[%emt 0:00:00]} O-O {[%emt 0:00:00]} 5. c4 {[%emt 0:00:00]} d6 {[%emt 0:00:00]} 6. Nc3 {[%emt 0:00:00]} Nbd7 {[%emt 0:00:00]} 7. O-O {[%emt 0:00:00]} c5 {[%emt 0:00:00]} 8. d5 {[%emt 0:00:05]} Ng4 {[%emt 0:00:00]} 9. Qc2 {[%emt 0:05:01]} Nge5 {[%emt 0:00:14]} 10. Nd2 {[%emt 0:05:57]} Nb6 {[%emt 0:01:14]} 11. b3 {[%emt 0:00:51]} a6 {[%emt 0:10:46]} 12. h3 {[%emt 0:03:43]} Re8 {[%emt 0:08:16]} 13. a4 {[%emt 0:03:07]} a5 {[%emt 0:01:51]} 14. Bb2 {[%emt 0:04:28]} Ned7 {[%emt 0:04:16]} 15. Rad1 {[%emt 0:03:59]} Nf6 {[%emt 0:02:43]} 16. e4 {[%emt 0:02:55]} Bd7 {[%emt 0:01:25]} 17. Nf3 {[%emt 0:04:39]} Qc8 {[%emt 0:02:27]} 18. Kh2 {[%emt 0:00:49]} e6 {[%emt 0:02:19]} 19. dxe6 {[%emt 0:01:19]} Rxe6 {[%emt 0:02:37]} 20. Ng5 {[%emt 0:01:03]} Re5 {[%emt 0:10:01]} 21. f4 {[%emt 0:00:33]} Rxg5 {[%emt 0:00:17]} 22. fxg5 {[%emt 0:00:00]} Nh5 {[%emt 0:00:00]} 23. Ne2 {[%emt 0:00:42]} Qc7 {[%emt 0:00:00]} 24. Bxg7 {[%emt 0:00:05]} Nxg7 {[%emt 0:00:00]} 25. Qd3 {[%emt 0:00:46]} Ne8 {[%emt 0:00:40]} 26. Rf2 {[%emt 0:02:21]} Rd8 {[%emt 0:03:50]} 27. Nf4 {[%emt 0:03:40]} Bc6 {[%emt 0:06:53]} 28. e5 {[%emt 0:04:30]} Bxg2 {[%emt 0:00:27]} 29. Rxg2 {[%emt 0:00:00]} Qe7 {[%emt 0:01:02]} 30. Nd5 {[%emt 0:04:53]} Nxd5 {[%emt 0:05:12]} 31. Qxd5 {[%emt 0:00:00]} Qxg5 {[%emt 0:08:42]} 32. exd6 {[%emt 0:01:50]} Qxd5 {[%emt 0:02:37]} 33. Rxd5 {[%emt 0:00:00]} Rxd6 {[%emt 0:00:00]} 34. Re2 {[%emt 0:00:47]} Re6 {[%emt 0:00:54]} 35. Rxe6 {[%emt 0:00:00]} fxe6 {[%emt 0:00:32]} 36. Rd8 {[%emt 0:00:00]} Kf8 {[%emt 0:00:23]} 37. Rb8 {[%emt 0:00:00]} h5 {[%emt 0:01:44]} 38. Rxb7 {[%emt 0:00:00]} Nd6 {[%emt 0:00:29]} 39. Ra7 {[%emt 0:00:00]} Ne4 {[%emt 0:04:40]} 40. Rxa5 {[%emt 0:00:00]} Nd2 {[%emt 0:00:00]} 41. Rb5 {[%emt 0:00:52]} e5 {[%emt 0:01:15]} 42. Kg2 {[%emt 0:53:33]} e4 {[%emt 0:49:46]} 43. Kf2 {[%emt 0:00:20]} Nf3 {[%emt 0:01:17]} 44. a5 {[%emt 0:00:16]} Nd4 {[%emt 0:00:40]} 45. a6 {[%emt 0:00:12]} Ne6 {[%emt 0:03:19]} 46. a7 {[%emt 0:00:26]} Nc7 {[%emt 0:00:13]} 47. Rb7 {[%emt 0:00:17]} 1-0

[Event "4NCL 2019-20"]
[Site "Daventry"]
[Date "2020.01.12"]
[Round "4"]
[White "Bhatia, Kanwal K"]
[Black "Wu, Li"]
[Result "0-1"]
[WhiteElo "2037"]
[BlackElo "2291"]
[Annotator "ChessBase"]
[PlyCount "56"]
[EventDate "2020.01.11"]
[EventCountry "ENG"]
[SourceTitle "playchess.com"]
[Source "ChessBase"]
[SourceQuality "1"]
[TimeControl "40/6000:3000+30"]

1. e4 {[%emt 0:00:06]} g6 {[%emt 0:00:00]} 2. d4 {[%emt 0:00:00]} Bg7 {[%emt 0:00:00]} 3. Nc3 {[%emt 0:00:00]} c6 {[%emt 0:00:24]} 4. f4 {[%emt 0:00:00]} d5 {[%emt 0:00:00]} 5. e5 {[%emt 0:01:51]} h5 {[%emt 0:00:07]} 6. Nf3 {[%emt 0:03:38]} Nh6 {[%emt 0:01:40]} 7. Be3 {[%emt 0:01:19]} Bg4 {[%emt 0:01:49]} 8. Be2 {[%emt 0:01:21]} e6 {[%emt 0:08:04]} 9. Qd2 {[%emt 0:03:05]} Nf5 {[%emt 0:01:53]} 10. Bf2 {[%emt 0:03:08]} Bf8 {[%emt 0:11:04]} 11. Nd1 {[%emt 0:15:13]} Qb6 {[%emt 0:05:46]} 12. a4 {[%emt 0:14:51]} Bxf3 {[%emt 0:15:01]} 13. Bxf3 {[%emt 0:03:00]} c5 {[%emt 0:00:20]} 14. a5 {[%emt 0:06:36]} Qc7 {[%emt 0:03:19]} 15. dxc5 {[%emt 0:07:38]} Bxc5 {[%emt 0:00:00]} 16. Bxc5 {[%emt 0:00:00]} Qxc5 {[%emt 0:00:00]} 17. Qc3 {[%emt 0:03:33]} Qxc3+ {[%emt 0:00:00]} 18. Nxc3 {[%emt 0:02:26]} Nc6 {[%emt 0:01:38]} 19. Kf2 {[%emt 0:12:14]} Ke7 {[%emt 0:10:43]} 20. Rhc1 {[%emt 0:01:52]} g5 {[%emt 0:05:35]} 21. g3 {[%emt 0:00:13]} h4 {[%emt 0:01:09]} 22. Kg2 {[%emt 0:05:30]} hxg3 {[%emt 0:01:45]} 23. hxg3 {[%emt 0:00:00]} gxf4 {[%emt 0:00:00]} 24. Rh1 {[%emt 0:01:57]} fxg3 {[%emt 0:01:07]} 25. Rae1 {[%emt 0:01:29]} Rxh1 {[%emt 0:01:17]} 26. Rxh1 {[%emt 0:00:28]} Nxe5 {[%emt 0:00:00]} 27. Rh5 {[%emt 0:00:45]} Nxf3 {[%emt 0:02:51]} 28. Kxf3 {[%emt 0:00:09]} Rg8 {[%emt 0:00:37]} 0-1

[Event "4NCL 2019-20"]
[Site "Daventry"]
[Date "2020.01.12"]
[Round "4"]
[White "Andrzejewska, Anna"]
[Black "York-Weaving, Anna"]
[Result "1/2-1/2"]
[WhiteElo "1974"]
[BlackElo "1739"]
[Annotator "NA"]
[PlyCount "43"]
[EventDate "2020.01.11"]
[EventCountry "ENG"]
[SourceTitle "playchess.com"]
[Source "ChessBase"]
[SourceQuality "1"]
[TimeControl "40/6000:3000+30"]

1. e4 {[%emt 0:00:00]} c6 {[%emt 0:00:22]} 2. d4 {[%emt 0:00:00]} d5 {[%emt 0:00:00]} 3. Nc3 {[%emt 0:00:00]} dxe4 {[%emt 0:00:00]} 4. Nxe4 {[%emt 0:00:00]} Bf5 {[%emt 0:00:00]} 5. Ng3 {[%emt 0:00:00]} Bg6 {[%emt 0:00:00]} 6. h4 {[%emt 0:00:00]} h6 {[%emt 0:00:00]} 7. f4 {[%emt 0:00:00]} e6 {[%emt 0:00:00]} 8. Nf3 {[%emt 0:00:00]} Nd7 {[%emt 0:00:00]} 9. h5 {[%emt 0:00:00]} Bh7 {[%emt 0:00:00]} 10. Bd3 {[%emt 0:00:00]} Bxd3 {[%emt 0:00:00]} 11. Qxd3 {[%emt 0:00:00]} Ngf6 {[%emt 0:00:41]} 12. Bd2 {[%emt 0:00:49]} Qc7 {[%emt 0:08:01]} 13. O-O-O {[%emt 0:02:05]} O-O-O {[%emt 0:02:44]} 14. Qe2 {[%emt 0:06:44]} Bd6 {[%emt 0:09:56]} 15. Ne5 {[%emt 0:01:53]} Nb6 {[%emt 0:00:05]} 16. Rhe1 {[%emt 0:45:04]} c5 {[%emt 0:02:28]} 17. Be3 {[%emt 0:06:19]} c4 {[%emt 0:04:39]} 18. c3 {[%emt 0:01:59]} Rhe8 {[%emt 0:16:25]} 19. Qf3 {[%emt 0:04:25]} Nbd5 {[%emt 0:01:36]} 20. Qe2 {[%emt 0:05:02]} b5 {[%emt 0:09:27]} 21. Bd2 {[%emt 0:03:02]} a5 {[%emt 0:01:15]} 22. Kb1 {[%emt 0:01:18]} 1/2-1/2

[Event "4NCL 2019-20"]
[Site "Daventry"]
[Date "2020.02.08"]
[Round "5"]
[White "Sadler, Matthew D"]
[Black "Horton, Andrew P"]
[Result "1-0"]
[WhiteElo "2692"]
[BlackElo "2380"]
[Annotator "TA"]
[PlyCount "105"]
[EventDate "2020.01.11"]
[EventCountry "ENG"]
[SourceTitle "playchess.com"]
[Source "ChessBase"]
[SourceQuality "1"]

{[%evp 11,105,12,16,15,12,6,30,10,5,0,7,7,0,0,18,0,0,-24,-35,-21,-29,-30,-25,-53,-19,-34,-33,-26,0,0,16,0,8,-15,0,-19,-29,-79,0,0,0,0,0,0,0,0,22,24,7,12,17,21,37,36,46,8,31,0,15,15,15,20,14,14,16,13,61,51,72,67,89,92,85,85,104,233,222,229,227,200,216,219,196,201,206,201,629,625,601,569,569,551,11806,6087,5197,5169]} 1. Nf3 Nf6 2. c4 e6 3. Nc3 Bb4 4. Qc2 O-O 5. a3 Bxc3 6. Qxc3 d6 7. b4 {A17: English Opening: 1...Nf6 with ...Bb4.} a5 8. e3 $5 {[%mdl 4] Exploring less charted territory.} b6 {[#]} 9. b5 $146 {White has an edge.} ({Predecessor:} 9. Bb2 Bb7 10. Be2 e5 11. O-O Ne4 12. Qc2 Nd7 13. d4 exd4 14. exd4 Ng5 15. d5 Nxf3+ 16. Bxf3 {1-0 (54) Swiercz,D (2456)-Benidze,D (2389) Gaziantep 2008}) 9... Bb7 10. Bb2 Nbd7 11. Be2 Qe7 12. O-O Rad8 13. Nd4 e5 {Hoping for ...Ne4.} 14. Nc6 Bxc6 $1 15. bxc6 Nb8 {[%cal Bd7b8,Bb8c6,Bc6e5][%mdl 32]} 16. f4 Nxc6 17. Rf3 exf4 18. Raf1 Ne5 19. Rxf4 Nfd7 20. Bd1 f6 21. Bc2 Rde8 22. h3 Rf7 23. Rh4 Nf8 24. Re4 Qd8 ({Black should try} 24... Ne6 $17) 25. d4 $11 Ned7 26. Rg4 Rfe7 27. Rg3 Ng6 28. Qd3 Ndf8 29. Ba4 Nd7 30. Bc6 Kh8 31. Rf5 Ngf8 32. h4 {[%mdl 1024] White has compensation.} Rf7 33. e4 Ree7 34. h5 Ne6 35. h6 g6 36. Rf1 Qf8 37. Qe3 Nb8 38. Bd5 Nd7 (38... c6 $5 {[%cal Rc6d5]} 39. Bxe6 Rxe6 $14) 39. Rf2 Kg8 40. Rgf3 $1 Kh8 41. c5 bxc5 42. dxc5 Ne5 {[#]} 43. cxd6 $1 {[%mdl 512]} cxd6 {[#]} 44. Bxe5 $1 dxe5 45. Qb6 Nf4 46. Bxf7 (46. Qxa5 Nxd5 47. Qxd5 Rd7 $11) 46... Rxf7 47. Rc3 {Rxf4! is the strong threat.} (47. Qxa5 $6 Qxh6 48. Qb6 Kg7 $14) 47... Qxh6 {[#]} 48. Rc7 $1 (48. Qxa5 Qh5 $11) ({Worse is} 48. Rc8+ Kg7 $11) 48... Rxc7 $2 (48... Rf8 49. Qd6 (49. Qxa5 Rb8 $11) 49... Nh5) 49. Qxf6+ $18 {White is clearly winning.} ({Stronger than} 49. Qxc7 Qh4 $11) 49... Kg8 {( -> ...Rc1+)} 50. Qd8+ {[%mdl 64] Double Attack} Qf8 51. Qxc7 {[%mdl 64] Double Attack} Qxa3 52. Qb8+ Kf7 53. Qxe5 {Accuracy: White = 91%, Black = 79%.} 1-0

[Event "4NCL 2019-20"]
[Site "Daventry"]
[Date "2020.02.08"]
[Round "5"]
[White "Lupulescu, Constantin"]
[Black "Sarakauskas, Gediminas"]
[Result "1/2-1/2"]
[WhiteElo "2649"]
[BlackElo "2433"]
[Annotator "TA"]
[PlyCount "133"]
[EventDate "2020.01.11"]
[EventCountry "ENG"]
[SourceTitle "playchess.com"]
[Source "ChessBase"]
[SourceQuality "1"]

{[%evp 24,133,24,25,54,51,54,54,63,62,67,43,58,59,58,35,56,30,22,28,37,0,0,0,37,40,47,13,18,18,8,8,8,8,30,30,30,30,30,30,62,30,35,31,35,32,35,35,37,16,16,16,16,12,12,0,16,17,48,0,0,0,12,12,79,79,79,79,79,0,0,0,0,0,0,0,0,0,0,0,0,0,0,0,0,0,0,0,0,0,0,0,0,0,0,0,0,0,0,0,0,0,0,0,0,0,0,0,0,0,0,0]} 1. d4 d5 2. c4 c6 3. Nf3 Nf6 4. e3 Bg4 5. h3 Bxf3 6. Qxf3 g6 7. Nc3 Bg7 8. Bd3 O-O 9. O-O dxc4 10. Bxc4 Nbd7 11. Rd1 e5 12. d5 e4 13. Nxe4 Ne5 {D94: Grünfeld: 4 Nf3 Bg7 5 e3.} 14. Nxf6+ Bxf6 15. Qe2 {And now dxc6 would win.} Nxc4 {White is slightly better.} 16. Qxc4 cxd5 17. Rxd5 Qb6 18. Rb5 Qa6 19. e4 {[#]} Rfd8 $146 ({Predecessor:} 19... Rfe8 20. Rc5 Qxc4 21. Rxc4 Rac8 22. Rxc8 Rxc8 23. Be3 Rc4 24. f3 Rc2 25. Rd1 Rxb2 26. Bh6 {1-0 (26) Brousek,J (2224)-Berthelsen,R (2190) IECC email 2002}) 20. Be3 Bxb2 $1 21. Rb1 Bg7 22. e5 Bxe5 23. Qb3 Bd4 (23... Bc7 {seems wilder.} 24. Rxb7 Rab8 25. Rxb8 Rxb8 26. Qd1 Rxb1 27. Qxb1 Bb6) 24. Rxb7 Qf6 25. Bxd4 Rxd4 26. Rxa7 {[%mdl 64] Decoy} Rxa7 27. Qb8+ {[%mdl 64] Double Attack} Kg7 28. Qxa7 $11 {[%mdl 4096] Endgame KQR-KQR} Qf4 29. a3 h5 30. Re1 h4 31. Qc5 Rd3 32. Ra1 (32. a4 $5) 32... Qf6 33. Rb1 Rc3 34. Qb4 Rc2 35. Rf1 Ra2 36. a4 g5 37. Qc4 Qe6 38. Qd4+ Qf6 39. Qc4 Qe6 40. Qb5 Qf6 41. Kh1 (41. Qb3 $5 {[%cal Rb3a2]} Qe6 42. Qb5 $14) 41... Qf4 42. a5 Qd2 43. Qe5+ Kh7 {[#]} (43... Kg6 $11) 44. Ra1 $1 $16 Qxf2 {[%csl Ga2][%cal Rf2g2]} 45. Rxa2 Qxa2 {[#]} 46. Qxg5 {KQ-KQ} (46. Qf5+ $1 $16 Kh6 47. Qf6+ Kh5 48. a6) 46... Qb1+ $11 {The position is equal.} 47. Kh2 Qb8+ 48. Kg1 Qb1+ 49. Kh2 Qb8+ 50. Kg1 Qb1+ 51. Kf2 Qc2+ 52. Kf3 Qd1+ 53. Ke4 Qa4+ 54. Ke3 {Intending Qh5+ and mate.} Qb3+ $1 55. Kd2 Qb2+ 56. Ke1 Qb1+ $1 57. Ke2 Qe4+ 58. Qe3 Qxg2+ 59. Ke1 {Black must now prevent Qd3+.} Qd5 60. Qc3 f5 61. Kf2 Kg6 62. Qb4 Kh5 63. Qa3 {Hoping for Qf3+.} Qd2+ 64. Kf1 Qd1+ 65. Kf2 {Qf3+! would kill now.} Qd2+ 66. Kf1 Qd1+ 67. Kf2 {Accuracy: White = 87%, Black = 90%.} 1/2-1/2

[Event "4NCL 2019-20"]
[Site "Daventry"]
[Date "2020.02.08"]
[Round "5"]
[White "Edouard, Romain"]
[Black "Ashton, Adam G"]
[Result "1-0"]
[WhiteElo "2640"]
[BlackElo "2379"]
[Annotator "TA"]
[PlyCount "87"]
[EventDate "2020.01.11"]
[EventCountry "ENG"]
[SourceTitle "playchess.com"]
[Source "ChessBase"]
[SourceQuality "1"]

{[%evp 12,87,16,17,20,-27,-25,-60,-17,-16,-10,-7,16,7,0,0,10,0,0,-39,-29,-47,-24,-38,-30,-32,-40,-37,-31,-32,10,10,11,21,20,13,8,12,31,0,8,-29,-20,-58,-49,-156,-31,-35,-33,-33,0,-66,0,-25,70,85,75,92,85,75,84,83,102,80,104,100,363,331,617,621,29987,0,29988,29989,29990,29991,29991,887]} 1. Nf3 d5 2. c4 e6 3. d4 Nf6 4. Nc3 Be7 5. Bf4 O-O 6. e3 b6 {6...Nbd7 is setting a new trend.} 7. Qc2 Ba6 {[#] D37: Queen's Gambit Declined: 5 Bf4.} 8. Rd1 $146 ({Predecessor:} 8. Ne5 dxc4 9. Bxc4 Bxc4 10. Nxc4 Nd5 11. Nxd5 Qxd5 12. O-O c5 13. dxc5 Qxc5 14. Rac1 Nd7 15. a3 {½-½ (36) Inarkiev,E (2693)-Kryvoruchko,Y (2669) Mali Losinj 2019}) 8... dxc4 9. e4 c5 {Black is slightly better.} 10. dxc5 Qc8 11. Bd6 Bxd6 12. cxd6 Nbd7 13. Be2 Qc5 14. O-O Bb7 15. Rfe1 b5 {[%cal Bb6b5,Bb5b4][%mdl 32]} 16. Bf1 e5 17. b4 cxb3 18. Qxb3 a6 19. h3 Rac8 {[%cal Ba8c8,Bc8c2,Bc2a2][%mdl 32]} 20. Re3 b4 21. Na4 Qc2 22. Nd2 Qxb3 23. axb3 Rc2 24. Bd3 Ra2 25. Nc4 Bc6 $1 26. Ncb2 Bb5 27. Bc4 Rc8 {Strongly threatening ...Bxa4.} 28. Bd3 (28. Rc1 $15 Kf8 29. Ree1) 28... Bxd3 (28... h6 $17 29. Rde1 Ra3) 29. Nxd3 $15 a5 30. Ree1 g6 31. g4 ({White should try} 31. Rc1 $11 Rxc1 32. Rxc1) 31... Rc6 (31... Ne8 $15) 32. g5 Nh5 (32... Ne8 $1 $11) 33. Ndc5 $1 $36 {[%cal Rc5d7][%mdl 2048] Keeping Black busy.} Rxc5 34. Nxc5 Nxc5 35. d7 Nxd7 36. Rxd7 $16 {[%mdl 4096] Endgame KRR-KRN} Nf4 37. h4 Nh3+ 38. Kg2 Nxf2 $2 {[%mdl 8192] [#]} (38... Nf4+ $16 39. Kf3 Ne6) 39. Kf3 $18 Nh3 $2 (39... Rc2 40. Ra1 Nh3 41. Rxa5 Rc3+ 42. Ke2 Nf4+ 43. Kd2 Ne6) 40. Rc1 Rb2 41. Rc8+ Kg7 {[#]} 42. Rdd8 $1 {[%csl Gc8][%cal Rd8g8] White mates.} Rxb3+ 43. Ke2 {[%csl Gc8][%cal Rd8g8]} Nf4+ 44. Kd2 {Accuracy: White = 68%, Black = 55%.} (44. Ke1 $142 Rb1+ 45. Kd2 Rb2+ 46. Kd1 Rb1+ 47. Kc2 Rc1+ {[%mdl 64] Decoy} 48. Kxc1 Nd3+ 49. Kb1 h5 50. Rg8+ Kh7 51. Rh8+ Kg7 52. Rcg8#) 1-0

[Event "4NCL 2019-20"]
[Site "Daventry"]
[Date "2020.02.08"]
[Round "5"]
[White "Fodor, Tamas Jr."]
[Black "Gormally, Daniel W"]
[Result "1-0"]
[WhiteElo "2518"]
[BlackElo "2508"]
[Annotator "TA"]
[PlyCount "87"]
[EventDate "2020.01.11"]
[EventCountry "ENG"]
[SourceTitle "playchess.com"]
[Source "ChessBase"]
[SourceQuality "1"]

{[%evp 16,87,14,11,19,-13,0,0,0,0,33,46,40,29,13,20,53,28,82,30,24,0,10,16,20,0,47,47,47,41,51,52,54,52,52,46,43,47,69,60,49,56,101,82,87,76,77,78,124,74,113,110,109,110,113,111,179,170,166,177,155,109,115,114,114,115,115,115,291,277,348,310,416,416]} 1. d4 Nf6 2. Nf3 e6 3. e3 d5 4. Bd3 c5 5. b3 Nc6 6. Bb2 Bd6 7. O-O O-O 8. a3 b6 9. Nbd2 {[%cal Bb1d2,Bd2c4,Bc4e5][%mdl 32]} Bb7 {D05: Colle System with ...e6.} 10. Ne5 {10.Qe2 is the thing.} Qc7 {[%cal Rc6e5]} 11. f4 Ne7 {The position is equal.} 12. Rf3 c4 13. bxc4 dxc4 14. Ndxc4 Bxf3 15. Qxf3 Ng6 {[#]} 16. Rf1 $146 ({Predecessor:} 16. Nxd6 Qxd6 17. e4 Qc7 18. Rf1 b5 19. Ng4 Nxg4 20. Qxg4 Qb6 21. Kh1 f6 22. f5 exf5 23. Rxf5 {1-0 (41) Slavin,A (2399)-Antoniewski,R (2585) Rogaska Slatina 2011}) 16... Be7 (16... b5 $11 {remains equal.} 17. Nxd6 Qxd6) 17. g4 (17. Nxf7 $16 {And now Ng5 would win.} Kxf7 18. Ne5+ (18. f5 exf5 19. Ne5+ Kg8 $17) 18... Kg8 19. Qh3) 17... b5 $11 18. Nxg6 hxg6 19. Ne5 {Black must now prevent g5.} Bd6 $1 20. f5 exf5 (20... Bxe5 $5 21. dxe5 Nh7 $11) 21. gxf5 g5 22. Qg2 Rae8 23. Qxg5 Rxe5 $1 24. dxe5 Bxe5 25. Bxe5 Qxe5 26. Rf3 Rb8 27. Rg3 {[%csl Gg3][%cal Rg5g7] [#]} Nh7 28. Qh4 $40 {[%mdl 128] Threatens to win with Rh3. White has some attack.} Qf6 29. Qf4 Rc8 30. Kg2 a6 31. a4 Rc5 32. Qe4 Re5 33. Qa8+ Nf8 34. axb5 axb5 35. Qb7 Rxf5 (35... Qd6 $16 36. Kg1 b4) 36. Bxf5 $18 Qxf5 $16 {[%mdl 4096] Endgame KQR-KQN} 37. Qc6 Ng6 38. e4 Nh4+ 39. Kg1 Qf4 40. Qe8+ Kh7 41. Qxb5 f5 $2 (41... Qc1+ $16 42. Qf1 Qxc2) 42. Qb2 $18 {[%csl Gg3][%cal Rb2g7]} Nf3+ 43. Kh1 {[%csl Gg3][%cal Rb2g7]} Ng5 {[#]} 44. Qd4 $1 {Accuracy: White = 81%, Black = 53%.} 1-0

[Event "4NCL 2019-20"]
[Site "Daventry"]
[Date "2020.02.08"]
[Round "5"]
[White "Speelman, Jon S"]
[Black "Bisby, Daniel L"]
[Result "1/2-1/2"]
[WhiteElo "2509"]
[BlackElo "2314"]
[Annotator "ChessBase"]
[PlyCount "47"]
[EventDate "2020.01.11"]
[EventCountry "ENG"]
[SourceTitle "playchess.com"]
[Source "ChessBase"]
[SourceQuality "1"]
[TimeControl "40/6000:3000+30"]

1. d4 {[%emt 0:00:00]} Nf6 {[%emt 0:00:00]} 2. Nf3 {[%emt 0:00:00]} g6 {[%emt 0:00:00]} 3. g3 {[%emt 0:00:00]} Bg7 {[%emt 0:00:00]} 4. Bg2 {[%emt 0:00:00]} O-O {[%emt 0:00:00]} 5. c4 {[%emt 0:00:00]} d6 {[%emt 0:00:00]} 6. O-O {[%emt 0:00:46]} Nc6 {[%emt 0:00:51]} 7. Nc3 {[%emt 0:00:00]} e5 {[%emt 0:01:20]} 8. d5 {[%emt 0:02:28]} Nb8 {[%emt 0:00:49]} 9. Ne1 {[%emt 0:01:16]} a5 {[%emt 0:01:33]} 10. Nd3 {[%emt 0:00:27]} Na6 {[%emt 0:01:08]} 11. a3 {[%emt 0:03:51]} Nd7 {[%emt 0:02:33]} 12. Rb1 {[%emt 0:04:04]} f5 {[%emt 0:03:45]} 13. Bd2 {[%emt 0:05:11]} e4 {[%emt 0:12:13]} 14. Nf4 {[%emt 0:00:00]} Ne5 {[%emt 0:00:00]} 15. b3 {[%emt 0:00:42]} Qe8 {[%emt 0:05:30]} 16. Qc2 {[%emt 0:08:35]} g5 {[%emt 0:05:18]} 17. Ne6 {[%emt 0:01:03]} Bxe6 {[%emt 0:00:00]} 18. dxe6 {[%emt 0:00:00]} Nc5 {[%emt 0:01:14]} 19. Bxg5 {[%emt 0:08:00]} Nxe6 {[%emt 0:00:26]} 20. Bd2 {[%emt 0:01:27]} Qh5 {[%emt 0:03:08]} 21. Rbe1 {[%emt 0:00:30]} Rae8 {[%emt 0:03:10]} 22. Nd5 {[%emt 0:00:49]} a4 {[%emt 0:10:59]} 23. Nf4 {[%emt 0:03:42]} Qf7 {[%emt 0:02:59]} 24. Nxe6 {[%emt 0:02:55]} 1/2-1/2

[Event "4NCL 2019-20"]
[Site "Daventry"]
[Date "2020.02.08"]
[Round "5"]
[White "Cyborowski, Lukasz"]
[Black "Povah, Nigel E"]
[Result "1-0"]
[WhiteElo "2505"]
[BlackElo "2284"]
[Annotator "ChessBase"]
[PlyCount "25"]
[EventDate "2020.01.11"]
[EventCountry "ENG"]
[SourceTitle "playchess.com"]
[Source "ChessBase"]
[SourceQuality "1"]
[TimeControl "40/6000:3000+30"]

1. d4 {[%emt 0:00:00]} d5 {[%emt 0:01:44]} 2. Nf3 {[%emt 0:00:00]} Nf6 {[%emt 0:00:00]} 3. e3 {[%emt 0:01:16]} c5 {[%emt 0:04:36]} 4. c4 {[%emt 0:02:45]} e6 {[%emt 0:03:30]} 5. Nc3 {[%emt 0:02:52]} Nc6 {[%emt 0:05:23]} 6. cxd5 {[%emt 0:01:02]} exd5 {[%emt 0:00:58]} 7. Bb5 {[%emt 0:00:00]} a6 {[%emt 0:12:20]} 8. Bxc6+ {[%emt 0:00:00]} bxc6 {[%emt 0:00:00]} 9. O-O {[%emt 0:00:30]} Qc7 {[%emt 0:11:05]} 10. h3 {[%emt 0:19:46]} h6 {[%emt 0:07:35]} 11. dxc5 {[%emt 0:02:59]} Bxc5 {[%emt 0:00:45]} 12. b3 {[%emt 0:00:00]} O-O {[%emt 0:07:21]} 13. Bb2 {[%emt 0:00:00]} 1-0

[Event "4NCL 2019-20"]
[Site "Daventry"]
[Date "2020.02.08"]
[Round "5"]
[White "Gordon, Stephen J"]
[Black "Adams, Michael"]
[Result "0-1"]
[WhiteElo "2504"]
[BlackElo "2694"]
[Annotator "TA"]
[PlyCount "78"]
[EventDate "2020.01.11"]
[EventCountry "ENG"]
[SourceTitle "playchess.com"]
[Source "ChessBase"]
[SourceQuality "1"]

{[%evp 9,78,4,10,26,24,13,3,0,15,15,17,0,0,-3,-2,-9,0,0,0,-7,0,0,0,0,-7,0,15,12,39,0,0,0,0,0,0,0,0,-7,-3,-20,0,-31,0,-62,-67,-84,-92,-119,0,-68,-67,-86,-43,-202,-186,-402,-215,-387,-222,-420,-413,-401,-392,-1982,-1802,-1772,-1714,-1522,-1440,-29959,-6199]} 1. c4 e5 2. g3 c6 3. Nf3 e4 4. Nd4 d5 5. d3 Bc5 6. dxe4 {A20: English Opening: 1...e5.} dxe4 7. Be3 $1 Nf6 8. Nc3 {[#] Hoping for Nxc6!The position is equal.} Na6 $146 ({Predecessor:} 8... Qe7 9. Bg2 Ng4 10. O-O Nxe3 11. fxe3 O-O 12. Nxe4 Bb6 13. Qb3 Na6 14. Qc3 f5 {0-1 (52) Stokke,K (2336)-Hammer,J (2621) Drammen 2018}) 9. h3 O-O 10. a3 Qe7 11. Qc2 Be6 12. Bg2 Rad8 13. Rd1 Bxc4 14. O-O {[%cal Rc3e4]} Rfe8 15. b4 Bb6 16. Nf5 Qe6 17. Rxd8 Rxd8 18. Nxe4 Qxf5 19. Bxb6 (19. Qxc4 {with more complications.} Nc7 20. Nc5 Bxc5 21. Qxc5 Qc8 22. Qc2) 19... axb6 20. Nxf6+ Qxf6 21. Qxc4 Nc7 22. a4 b5 $36 {[%mdl 2048] Black is pushing.} 23. axb5 Nxb5 24. e3 g6 25. h4 h5 26. Qc5 (26. Qa2 $11) 26... Rd2 $15 27. Qb6 Qe7 28. Rc1 {[#]} Qf6 ({Black should try} 28... Nc3 $1 $17 {[%mdl 512] Strongly threatening ...Ne2+.} 29. Rf1 (29. Rxc3 $2 Qf6 $19 {[%mdl 64] Double Attack}) 29... Rb2) 29. Rf1 Nd6 30. e4 Qc3 31. b5 $2 (31. Qc5 $15 Nc4 32. b5) 31... cxb5 $19 32. Rb1 $2 (32. g4) 32... Kg7 (32... Nc4 $142 33. Qa7 b4 34. Qb8+ Kg7) 33. Qa7 $2 (33. Qe3 {was necessary.} Qxe3 34. fxe3) 33... Rc2 (33... Nc4 $142 34. e5 Nxe5) 34. Qa1 $2 {[#]} (34. Qe3 {was worth a try.} Qxe3 35. fxe3) 34... b4 $1 {[%mdl 512] White must now prevent ...Qxa1.} 35. e5 {Qxc3 is the strong threat.} (35. Rxb4 Qxa1+) 35... Nc4 {Threatens to win with ...Qxa1.} 36. Qa4 $2 (36. Be4 b3 37. Qxc3 Rxc3 38. Kg2) 36... Rc1+ 37. Rxc1 Qxc1+ 38. Kh2 Nxe5 {( -> ...Ng4+)} 39. Bxb7 Qf1 {Accuracy: White = 55%, Black = 71%.} 0-1